Statistiques concernant Composition finale ligue des champions 2021-2022

Cliquez ici pour prendre le quiz!

Statistiques générales

  • Ce quiz a été pris 599 fois
  • Le résultat moyen est 23 sur 24

Statistiques - réponses

PosteRéponsePays% Correct
AKarim BenzemaFrance
99%
MLuka ModricCroatie
99%
AMohamed SalahEgypte
99%
ASadio ManéSénégal
99%
GThibaut CourtoisBelgique
99%
AVinicius JuniorBrésil
98%
GAlissonBresil
97%
DDavd AlabaAutriche
97%
MToni KroosAllemagne
97%
DTrent Alexander ArnoldAngleterre
97%
EntraineurCarlo AncelottiItalie
96%
DDaniel CarvajalEspagne
96%
DIbrahima KonateFrance
96%
EntraineurJürgen KloppAllemagne
96%
DVirgil Van DijkPays bas
96%
AFederico ValverdeUruguay
95%
DFerland MendyFrance
95%
DAndrew RobertsonEcosse
93%
DEder MilitaoBrésil
93%
MCasemiroBrésil
92%
MJordan HendersonAngleterre
89%
MThiago AlcantaraEspagne
88%
ALuis DiazColombie
86%
MFabinhoBrésil
85%

Distribution des résultats

Percentile par nombre de réponses

% des personnes avec chaque résultat

Votre développement - résultats

Vous n’avez pas pris ce quiz